| 000 | 00534nam a2200193Ia 4500 | ||
|---|---|---|---|
| 003 | GCL | ||
| 008 | 140319s9999 xx 000 0 eng d | ||
| 040 |
_aGCL / _cGCL |
||
| 082 | 0 | 4 |
_a55.2 _bS C |
| 100 | 1 | _aSARASON, IRWIN G | |
| 245 | 1 | 0 |
_aCONTEMPORARY RESEARCH IN PERSONALITY / _cSARASON, IRWIN G |
| 260 |
_a[S.N] : _bDIVAN NOSTRAND COMPANY, INC ، _c1962 |
||
| 300 | _a411 | ||
| 650 | 0 | 4 | _aالحضارة الفرعونية |
| 650 | 0 | 4 | _aBEHAVIOUR |
| 650 | 0 | 4 | _aPERSONALITY |
| 650 | 0 | 4 | _aTHEORY - PERSONALITY |
| 942 |
_2ddc _cBK |
||
| 999 |
_c14859 _d14859 |
||